000 00437nam a2200157 i 4500
001 39191
003 ES-MaACL
005 20230906155915.0
007 t|
008 030227s1935 uy ||||1| spa d
100 1 _aCamblor, Angel.
_934031
245 1 3 _aLa bandera de la raza
_b: símbolo de las américas /
_cAngel Camblor.
260 _aMontevideo :
_b[Prometeo],
_c1935.
300 _a85 p. ;
_c25 cm.
852 _aES-MaACL
_j1806-F-11
999 _c39191
_d39191